|
|
|
|
| LEADER |
00000nbm0a2200000 4500 |
| 001 |
168671 |
| 005 |
20231031163155.0 |
| 035 |
|
|
|a (RuTPU)RU\TPU\book\182988
|
| 090 |
|
|
|a 168671
|
| 100 |
|
|
|a 20091030d1973 k y0rusy50 ca
|
| 101 |
0 |
|
|a rus
|
| 102 |
|
|
|a RU
|
| 105 |
|
|
|a a p 000zy
|
| 200 |
1 |
|
|a Создание системы автоматического контроля и регулирования температуры и влажности сушильного агрегата в паровых лесосушильных камерах Асиновского ДОКа
|e Отчет о НИР
|e Тема: х/д № 29-71
|f Томский политехнический институт (ТПИ) ;отв. исполнитель В. Н. Кулижников
|
| 210 |
|
|
|a Томск
|d 1973
|
| 215 |
|
|
|a 55 л.
|c черт.
|
| 610 |
1 |
|
|a отчеты о НИР
|
| 610 |
1 |
|
|a автоматический контроль
|
| 610 |
1 |
|
|a температура
|
| 610 |
1 |
|
|a регулирование
|
| 610 |
1 |
|
|a влажность
|
| 610 |
1 |
|
|a сушильные агенты
|
| 610 |
1 |
|
|a лесосушильные камеры
|
| 610 |
1 |
|
|a деревообрабатывающее производство
|
| 610 |
1 |
|
|a Асино
|
| 675 |
|
|
|a 674.04(04)
|v 3
|
| 702 |
|
1 |
|a Кулижников
|b В. Н.
|4 677
|
| 712 |
0 |
2 |
|a Томский политехнический институт (ТПИ)
|c (1944-1991)
|2 stltpush
|3 (RuTPU)RU\TPU\col\1123
|4 595
|
| 801 |
|
1 |
|a RU
|b 63413507
|c 20091030
|
| 942 |
|
|
|c BK
|